CURRENT DIAGNOSIS & TREATMENT PSYCHIATRY (Record no. 1959)

MARC details
000 -LEADER
fixed length control field 00365nam a2200145Ia 4500
008 - FIXED-LENGTH DATA ELEMENTS--GENERAL INFORMATION
fixed length control field 150201s2010 xx 000 0 und d
082 ## - DEWEY DECIMAL CLASSIFICATION NUMBER
Classification number 610.7368
Item number C10E
100 ## - MAIN ENTRY--PERSONAL NAME
Personal name EBERT , MICHAEL H.
245 ## - TITLE STATEMENT
Title CURRENT DIAGNOSIS & TREATMENT PSYCHIATRY
250 ## - EDITION STATEMENT
Edition statement 2ND
260 ## - PUBLICATION, DISTRIBUTION, ETC. (IMPRINT)
Name of publisher, distributor, etc. MC GRAW HILL
Place of publication, distribution, etc. NEW YORK
Date of publication, distribution, etc. 2010
300 ## - PHYSICAL DESCRIPTION
Extent 739
650 ## - SUBJECT ADDED ENTRY--TOPICAL TERM
Topical term or geographic name as entry element PSYCHIATRY
942 ## - ADDED ENTRY ELEMENTS (KOHA)
Source of classification or shelving scheme Dewey Decimal Classification
Koha item type Books
Holdings
Withdrawn status Lost status Source of classification or shelving scheme Damaged status Not for loan Collection code Home library Current library Shelving location Date acquired Source of acquisition Cost, normal purchase price SGTU Bill Number Total Checkouts Full call number Barcode Date last seen Date last checked out Bill Date Koha item type
    Dewey Decimal Classification     NURSING SGT Medical Library SGT Medical Library Reference Book 19/04/2012 UBS DELHI 1059.00 SGTU 46 6 610.7368 C10E FN471 02/09/2021 02/09/2021 19/04/2012 Books